Közösségi média szerepe, hasznossága és használatának lehetőségei a vállalati stratégiában a Linguina nyelviskolán keresztül bemutatva.
| Main Author: | |
|---|---|
| Other Authors: | |
| Format: | Project work |
| Kulcsszavak: | közösségi média nyelviskola online marketing vállalati stratégiák Z-generáció |
| Online Access: | http://dolgozattar.uni-bge.hu/59839 |
MARC
| LEADER | 00000nnm a2200000 i 4500 | ||
|---|---|---|---|
| 001 | dolg59839 | ||
| 005 | 20260409145633.0 | ||
| 008 | 260409suuuu hu o 000 hun d | ||
| 040 | |a BGE Dolgozattár Repozitórium |b hun | ||
| 041 | |a hu | ||
| 100 | 1 | |a Bakos Nóra Tamara | |
| 245 | 1 | 0 | |a Közösségi média szerepe, hasznossága és használatának lehetőségei a vállalati stratégiában a Linguina nyelviskolán keresztül bemutatva. |c Bakos Nóra Tamara |h [elektronikus dokumentum] |
| 516 | |a Project_work | ||
| 520 | 3 | |a A projektmunka a közösségi média szerepét és stratégiai jelentőségét vizsgálja egy online működő nyelviskola, a Linguina nyelviskola példáján keresztül. Középpontjában a Z generáció áll, mint célcsoport, amelynek elérése és motiválása sajátos kommunikációs eszközöket igényel. Bemutatja, hogyan segítheti a közösségi média a márkaépítést, az elköteleződés növelését és a célcsoport megszólítását. A munka elemzi a különböző platformok hasznosságát, és javaslatokat fogalmaz meg a hatékony digitális jelenlétre. | |
| 695 | |a közösségi média | ||
| 695 | |a nyelviskola | ||
| 695 | |a online marketing | ||
| 695 | |a vállalati stratégiák | ||
| 695 | |a Z-generáció | ||
| 700 | 1 | |a Papp Judit |e ths | |
| 856 | 4 | 0 | |u http://dolgozattar.uni-bge.hu/59839/1/Projektmunka.pdf |z Dokumentum-elérés |
| 856 | 4 | 0 | |u http://dolgozattar.uni-bge.hu/59839/2/BAKOS%20N%C3%93RA%20TAMARA%20KM%20FOSZK%20b%C3%ADr%C3%A1lati%20lap%20%281%29.pdf |z Dokumentum-elérés |